Math Subtraction Problems (Integers 1 - 20) - Statistics

General Stats
  • This quiz has been taken 931 times
  • The average score is 10 of 10
Answer Stats
Problem Answer % Correct
20 - 20 = 0
100%
19 - 14 = 5
99%
18 - 12 = 6
99%
16 - 5 = 11
98%
20 - 7 = 13
98%
18 - 3 = 15
98%
20 - 3 = 17
98%
19 - 0 = 19
98%
19 - 16 = 3
98%
15 - 6 = 9
98%
No matching quizzes found
Score Distribution
Percent of People with Each Score
Percentile by Number Answered
Your Score History
You have not taken this quiz